[Event "29th Open"]
[Site "Cappelle la Grande FRA"]
[Date "2013.02.26"]
[Round "5.7"]
[White "Gharamian, Tigran"]
[Black "Baryshpolets, Andrey"]
[Result "1-0"]
[WhiteTitle "GM"]
[BlackTitle "IM"]
[WhiteElo "2661"]
[BlackElo "2526"]
[WhiteFideId "13301527"]
[BlackFideId "14117207"]
[EventDate "2013.02.23"]

1. d4 Nf6 2. Nf3 g6 3. c4 Bg7 4. Nc3 O-O 5. g3 c5 6. d5 d6 7. Bg2 e6 8. O-O exd5
9. cxd5 Re8 10. Bf4 a6 11. a4 Nh5 12. Bg5 Qc7 13. h3 f5 14. Re1 Nf6 15. Bxf6
Bxf6 16. e4 Rf8 17. e5 dxe5 18. d6 Qg7 19. Nxe5 Nd7 20. f4 Kh8 21. Nd5 Bxe5 22.
fxe5 Nxe5 23. Nb6 Rb8 24. Rc1 Nd7 25. Nxd7 Bxd7 26. Rxc5 Rfe8 27. Rc7 Rxe1+ 28.
Qxe1 Qd4+ 29. Kh2 Qxd6 30. Rxd7 Qxd7 31. Qe5+ 1-0

[Event "29th Open"]
[Site "Cappelle la Grande FRA"]
[Date "2013.02.26"]
[Round "5.8"]
[White "Sjugirov, Sanan"]
[Black "Ulibin, Mikhail"]
[Result "1-0"]
[WhiteTitle "GM"]
[BlackTitle "GM"]
[WhiteElo "2646"]
[BlackElo "2521"]
[WhiteFideId "4189302"]
[BlackFideId "4101405"]
[EventDate "2013.02.23"]

1. e4 e6 2. d4 d5 3. Nd2 Nf6 4. e5 Nfd7 5. Bd3 c5 6. c3 Nc6 7. Ngf3 Be7 8. O-O
a5 9. a4 cxd4 10. cxd4 Ndb8 11. Re1 Bd7 12. Nf1 Nb4 13. Bb1 b5 14. axb5 Bxb5 15.
Ng3 h5 16. Ne2 N8c6 17. Nc3 Bc4 18. Be3 Rb8 19. b3 Ba6 20. Qd2 Na7 21. Bg5 Nbc6
22. Bxe7 Qxe7 23. Bc2 Nb5 24. Nxb5 Rxb5 25. h4 Rb4 26. Rec1 Kd7 27. Bd3 Bxd3 28.
Qxd3 Rhb8 29. Rc3 R8b6 30. Rac1 Kc7 31. Ng5 f6 32. Qc2 Qd7 33. exf6 gxf6 34. Nh7
a4 35. Nxf6 axb3 36. Rxb3 Rxb3 37. Nxd7 Kxd7 38. Qh7+ Kd6 39. Qxh5 Nxd4 40. Qg4
Nc6 41. Qf4+ 1-0

[Event "29th Open"]
[Site "Cappelle la Grande FRA"]
[Date "2013.02.26"]
[Round "5.9"]
[White "Fedorchuk, Sergey A."]
[Black "Bernadskiy, Vitaliy"]
[Result "1-0"]
[WhiteTitle "GM"]
[BlackTitle "IM"]
[WhiteElo "2643"]
[BlackElo "2503"]
[WhiteFideId "14102536"]
[BlackFideId "14100371"]
[EventDate "2013.02.23"]

1. e4 g6 2. d4 Bg7 3. Nc3 c6 4. Nf3 d6 5. h3 Nd7 6. Be3 e5 7. a4 Ngf6 8. dxe5
dxe5 9. Qd6 Bf8 10. Qd2 Bb4 11. Bd3 Qe7 12. Bh6 Nc5 13. Qe3 Nfd7 14. O-O Bxc3
15. bxc3 f6 16. Nh4 a5 17. Be2 Nb6 18. f4 exf4 19. Qxf4 Nbxa4 20. Qe3 Be6 21. e5
f5 22. Bg5 Qc7 23. Bf6 Rf8 24. Nf3 b5 25. Nd4 Bd5 26. Rfd1 Be4 27. Bxb5 Rxf6 28.
exf6 f4 29. Qe1 cxb5 30. Nxb5 Qb6 31. Nd6+ Kf8 32. Kh2 Qc6 33. Rd4 Rd8 34. Nxe4
Re8 35. Qh4 Rxe4 36. Qxh7 Qxf6 37. Raxa4 f3 38. Qh6+ Kf7 39. Rxe4 Nxe4 40. Rxe4
f2 41. Qh7+ Kf8 42. Qd7 1-0

[Event "29th Open"]
[Site "Cappelle la Grande FRA"]
[Date "2013.02.26"]
[Round "5.11"]
[White "Azarov, Sergei"]
[Black "Wirig, Anthony"]
[Result "1-0"]
[WhiteTitle "GM"]
[BlackTitle "GM"]
[WhiteElo "2627"]
[BlackElo "2490"]
[WhiteFideId "13501470"]
[BlackFideId "615013"]
[EventDate "2013.02.23"]

1. e4 c5 2. Nf3 e6 3. d4 cxd4 4. Nxd4 a6 5. Be2 Nf6 6. Nc3 Qc7 7. O-O Nc6 8. Be3
Bb4 9. Na4 Be7 10. Nxc6 bxc6 11. Nb6 Rb8 12. Nxc8 Qxc8 13. Bd4 Nxe4 14. Bxg7 Rg8
15. Be5 d6 16. Qd3 f5 17. Bh5+ Kd7 18. Rad1 Kc7 19. Bc3 Nxc3 20. Qxc3 e5 21.
Rfe1 Kb7 22. Be2 Ka7 23. Bf1 h5 24. b4 Qb7 25. a4 Qxb4 26. Qd3 Qa5 27. Qxf5 Rgf8
28. Qxh5 Rb7 29. g3 Bd8 30. Bg2 Bb6 31. Re2 Qc5 32. Kh1 Rxf2 33. Rxf2 Qxf2 34.
Bxc6 Rf7 35. Bd5 Re7 36. Qh8 Bc7 37. Qa8+ Kb6 38. Rb1+ 1-0

[Event "29th Open"]
[Site "Cappelle la Grande FRA"]
[Date "2013.02.26"]
[Round "5.12"]
[White "Lagarde, Maxime"]
[Black "Timofeev, Artyom"]
[Result "1/2-1/2"]
[WhiteTitle "IM"]
[BlackTitle "GM"]
[WhiteElo "2529"]
[BlackElo "2613"]
[WhiteFideId "662399"]
[BlackFideId "4140419"]
[EventDate "2013.02.23"]

1. d4 Nf6 2. c4 g6 3. Nc3 d5 4. e3 Bg7 5. Qb3 e6 6. Qa3 b6 7. Nf3 Bb7 8. cxd5
exd5 9. Bb5+ c6 10. Bd3 Nbd7 11. e4 dxe4 12. Nxe4 Nxe4 13. Bxe4 Nf6 14. Bg5 Qe7
15. Qxe7+ Kxe7 16. Ne5 h6 17. Bxc6 Bxc6 18. Nxc6+ Kd6 19. Bxf6 Bxf6 20. Ne5 1/2-1/2

[Event "29th Open"]
[Site "Cappelle la Grande FRA"]
[Date "2013.02.27"]
[Round "6.1"]
[White "Ter-Sahakyan, Samvel"]
[Black "Gharamian, Tigran"]
[Result "1/2-1/2"]
[WhiteTitle "GM"]
[BlackTitle "GM"]
[WhiteElo "2563"]
[BlackElo "2661"]
[WhiteFideId "13302531"]
[BlackFideId "13301527"]
[EventDate "2013.02.23"]

1. e4 c5 2. Nf3 Nc6 3. d4 cxd4 4. Nxd4 g6 5. Nc3 Bg7 6. Be3 Nf6 7. Bc4 O-O 8.
Bb3 d6 9. f3 Bd7 10. Qd2 Nxd4 11. Bxd4 b5 12. h4 a5 13. a4 bxa4 14. Nxa4 h5 15.
Nb6 Ra6 16. Nd5 Nxd5 17. exd5 Bxd4 18. Qxd4 a4 19. Bc4 Qb6 20. O-O-O Bb5 21.
Qxb6 Rxb6 22. Ba2 Rfb8 23. Rhe1 Bd7 24. Rxe7 Bf5 25. Rd2 1/2-1/2

[Event "29th Open"]
[Site "Cappelle la Grande FRA"]
[Date "2013.02.27"]
[Round "6.2"]
[White "Papin, Vasily"]
[Black "Sjugirov, Sanan"]
[Result "0-1"]
[WhiteTitle "GM"]
[BlackTitle "GM"]
[WhiteElo "2562"]
[BlackElo "2646"]
[WhiteFideId "4143183"]
[BlackFideId "4189302"]
[EventDate "2013.02.23"]

1. Nf3 d5 2. c4 c6 3. e3 Nf6 4. Nc3 e6 5. b3 Bd6 6. Bb2 O-O 7. Be2 Nbd7 8. Qc2
Qe7 9. O-O b6 10. cxd5 exd5 11. Nd4 Nb8 12. Nf5 Bxf5 13. Qxf5 Nbd7 14. Rac1 g6
15. Qh3 b5 16. Nb1 Rac8 17. Bxf6 Nxf6 18. Bxb5 c5 19. Nc3 c4 20. bxc4 dxc4 21.
Na4 Ne4 22. Rfd1 Qf6 23. Qf3 Qe5 24. Rxc4 Ng5 25. Qg4 h5 26. Qxc8 Rxc8 27. Rxc8+
Kg7 28. Bc6 Qxh2+ 29. Kf1 Qh1+ 30. Ke2 Qh4 31. Bd7 Ne4 32. Rc4 Qxf2+ 33. Kd3 Ng3
34. Rd4 Be5 35. Rd5 Qe2+ 0-1

[Event "29th Open"]
[Site "Cappelle la Grande FRA"]
[Date "2013.02.27"]
[Round "6.3"]
[White "Petkov, Vladimir"]
[Black "Fedorchuk, Sergey A."]
[Result "0-1"]
[WhiteTitle "GM"]
[BlackTitle "GM"]
[WhiteElo "2559"]
[BlackElo "2643"]
[WhiteFideId "2901188"]
[BlackFideId "14102536"]
[EventDate "2013.02.23"]

1. d4 Nf6 2. c4 e6 3. Nc3 Bb4 4. g3 O-O 5. Bg2 d5 6. cxd5 exd5 7. e3 c6 8. Ne2
Re8 9. O-O Nbd7 10. Bd2 Bf8 11. h3 Nb6 12. b3 Ne4 13. Nxe4 dxe4 14. g4 h5 15.
Ng3 hxg4 16. hxg4 Qh4 17. Nxe4 Bxg4 18. Qe1 Rxe4 19. f3 Bxf3 20. Rxf3 Qxe1+ 21.
Rxe1 Rae8 22. Rh3 R4e6 23. Kf2 g6 24. e4 Bg7 25. Bc3 Rd8 26. Rd1 Red6 27. Rhd3
c5 28. Ke3 cxd4+ 29. Bxd4 Bxd4+ 30. Rxd4 Rxd4 31. Rxd4 Re8 32. Kf4 Re7 33. e5
Nd7 34. Rd5 b6 35. Bh3 Nf8 36. Rd6 Kg7 37. Bf1 Ne6+ 38. Ke4 Nc5+ 39. Kd5 Nd7 40.
e6 Nf6+ 0-1

[Event "29th Open"]
[Site "Cappelle la Grande FRA"]
[Date "2013.02.27"]
[Round "6.4"]
[White "Borovikov, Vladislav"]
[Black "Azarov, Sergei"]
[Result "1/2-1/2"]
[WhiteTitle "GM"]
[BlackTitle "GM"]
[WhiteElo "2557"]
[BlackElo "2627"]
[WhiteFideId "14102811"]
[BlackFideId "13501470"]
[EventDate "2013.02.23"]

1. d4 d5 2. c4 e6 3. Nc3 Be7 4. Nf3 Nf6 5. Bg5 O-O 6. e3 h6 7. Bxf6 Bxf6 8. Rc1
c6 9. Bd3 Nd7 10. O-O dxc4 11. Bxc4 e5 12. h3 exd4 13. exd4 Nb6 14. Bb3 Bf5 15.
Re1 Re8 16. Rxe8+ Qxe8 17. Qd2 Qd7 18. Re1 a5 19. a3 Re8 20. Rxe8+ Qxe8 21. Qf4
Be6 22. Bxe6 Qxe6 23. Qc7 Nc4 24. Qxb7 Bxd4 25. Nxd4 Qe1+ 26. Kh2 Qe5+ 27. Kg1
Qe1+ 28. Kh2 1/2-1/2

[Event "29th Open"]
[Site "Cappelle la Grande FRA"]
[Date "2013.02.27"]
[Round "6.6"]
[White "Hansen, Eric"]
[Black "Vovk, Yuri"]
[Result "1-0"]
[WhiteTitle "GM"]
[BlackTitle "GM"]
[WhiteElo "2557"]
[BlackElo "2594"]
[WhiteFideId "2606771"]
[BlackFideId "14113171"]
[EventDate "2013.02.23"]

1. e4 c5 2. Nf3 Nc6 3. Bb5 e6 4. O-O Nge7 5. Re1 a6 6. Bxc6 Nxc6 7. d4 cxd4 8.
Nxd4 b6 9. Nxc6 dxc6 10. Nd2 Be7 11. Qg4 O-O 12. e5 f5 13. exf6 Rxf6 14. Nf3 e5
15. Qe4 Bf5 16. Qxe5 Bd6 17. Qc3 Qc7 18. Bg5 Rf7 19. Bh4 Bg4 20. Ng5 Bxh2+ 21.
Kh1 Rf4 1-0

[Event "29th Open"]
[Site "Cappelle la Grande FRA"]
[Date "2013.02.27"]
[Round "6.7"]
[White "Djukic, Nikola"]
[Black "Zhigalko, Andrey"]
[Result "1-0"]
[WhiteTitle "GM"]
[BlackTitle "GM"]
[WhiteElo "2538"]
[BlackElo "2588"]
[WhiteFideId "922412"]
[BlackFideId "13502247"]
[EventDate "2013.02.23"]

1. e4 c5 2. Nf3 e6 3. d4 cxd4 4. Nxd4 a6 5. Nc3 d6 6. Bd3 Nf6 7. O-O Be7 8. Kh1
O-O 9. f4 Qc7 10. Qf3 Nc6 11. Nxc6 bxc6 12. b3 d5 13. Bb2 a5 14. e5 Nd7 15. Qh3
g6 16. Nd1 Ba6 17. Ne3 Bxd3 18. cxd3 f5 19. exf6 Bxf6 20. Qxe6+ Rf7 21. Ng4 Bg7
22. Bxg7 Kxg7 23. Rac1 Raf8 24. g3 c5 25. Qxd5 h5 26. Ne3 Re8 27. Rfe1 Nf6 28.
Qg5 Qb7+ 29. Kg1 Qd7 30. f5 Qd4 31. Rc4 Qxd3 32. fxg6 Qxg6 33. Nf5+ Kh7 34.
Qxg6+ Kxg6 35. Rxe8 Nxe8 36. Nh4+ Kh6 37. Rxc5 Ra7 38. Rc6+ Kg7 39. Rg6+ Kf7 40.
Rg5 Nf6 41. Nf5 Ra6 42. Rg7+ Ke6 43. Nd4+ Ke5 44. Nf3+ Ke4 45. Kf2 Kd3 46. Re7
Ne4+ 47. Kg2 Nc3 48. a4 Kc2 49. Nd4+ Kb2 50. Re5 Rd6 51. Nf3 Rd5 52. Rxd5 Nxd5
53. Nd2 Kc3 54. Nc4 Kxb3 55. Nxa5+ Kxa4 56. Nc4 Kb4 57. Ne5 Kc3 58. Ng6 Kd4 59.
Nf4 Nf6 60. Kh3 Ke4 61. Kh4 Ng4 62. h3 Ne3 63. Nxh5 Kf3 64. g4 Kg2 65. Nf4+ Kf3
66. Nh5 Kg2 67. g5 Nf5+ 68. Kg4 Ne3+ 69. Kf4 Nd5+ 70. Ke5 Ne7 71. Kf6 Nd5+ 72.
Ke6 Nc7+ 73. Kf7 Nb5 74. g6 Nd6+ 75. Ke6 Ne8 76. Kd7 1-0

[Event "29th Open"]
[Site "Cappelle la Grande FRA"]
[Date "2013.02.27"]
[Round "6.8"]
[White "Vorobiov, Evgeny E."]
[Black "Kharitonov, Alexandr"]
[Result "1-0"]
[WhiteTitle "GM"]
[BlackTitle "GM"]
[WhiteElo "2584"]
[BlackElo "2536"]
[WhiteFideId "4121341"]
[BlackFideId "4135202"]
[EventDate "2013.02.23"]

1. d4 d5 2. c4 c6 3. Nf3 Nf6 4. e3 Bg4 5. cxd5 cxd5 6. Nc3 Bxf3 7. Qxf3 e6 8.
Bd3 Nc6 9. O-O Bd6 10. Bd2 O-O 11. Qh3 g6 12. f4 Bb4 13. g4 Re8 14. Be1 Nd7 15.
Kh1 Qf6 16. f5 Qg7 17. Qf3 Nb6 18. Bg3 Rad8 19. Bh4 Rd7 20. fxg6 fxg6 21. Bf6
Qh6 22. g5 Qf8 23. Qh3 Qf7 24. Be5 Nxe5 25. Rxf7 Nxf7 26. Bb5 Bxc3 27. bxc3 Nxg5
28. Qh4 Ne4 29. Rf1 a6 30. Bxd7 Nxd7 31. Kg2 Nd6 32. Qg3 Nf5 33. Rxf5 exf5 34.
Qd6 Nf8 35. Qxd5+ Re6 36. Kf3 b6 37. c4 Kg7 38. Qb7+ Kg8 39. d5 Re4 40. d6 Ne6
41. d7 Kf8 42. Qc8+ Ke7 43. Qe8+ Kd6 44. d8=Q+ Nxd8 45. Qxd8+ Kc5 46. Qc7+ 1-0

[Event "29th Open"]
[Site "Cappelle la Grande FRA"]
[Date "2013.02.27"]
[Round "6.9"]
[White "Grigoryan, Karen H."]
[Black "Gurevich, Mikhail"]
[Result "1-0"]
[WhiteTitle "IM"]
[BlackTitle "GM"]
[WhiteElo "2531"]
[BlackElo "2581"]
[WhiteFideId "13301004"]
[BlackFideId "200930"]
[EventDate "2013.02.23"]

1. c4 f5 2. Nc3 Nf6 3. g3 g6 4. Bg2 Bg7 5. e3 O-O 6. Nge2 d6 7. O-O e5 8. b3 c6
9. Ba3 a5 10. d3 Na6 11. Qd2 Rb8 12. Rad1 b5 13. cxb5 cxb5 14. Nd5 b4 15. Bb2
Bb7 16. Nxf6+ Bxf6 17. Bxb7 Rxb7 18. e4 Bg5 19. f4 Bh6 20. d4 exf4 21. Qd3 Nc7
22. d5 fxg3 23. Qd4 gxh2+ 24. Kh1 Qe7 25. Qh8+ Kf7 26. Qxh7+ Ke8 27. Qxg6+ Rf7
28. e5 Qg5 29. Qxd6 Qe3 30. Qc6+ Kf8 31. d6 Ne6 32. Nd4 Nd8 33. Qg2 Qxe5 34.
Nxf5 Qxf5 35. Rxf5 Rxf5 36. Qg6 1-0

[Event "29th Open"]
[Site "Cappelle la Grande FRA"]
[Date "2013.02.27"]
[Round "6.10"]
[White "Danin, Alexandre"]
[Black "Flores Rios, Mauricio"]
[Result "1/2-1/2"]
[WhiteTitle "GM"]
[BlackTitle "GM"]
[WhiteElo "2578"]
[BlackElo "2481"]
[WhiteFideId "4144031"]
[BlackFideId "3408027"]
[EventDate "2013.02.23"]

1. e4 c5 2. Nf3 e6 3. d4 cxd4 4. Nxd4 a6 5. Be2 Nf6 6. Nc3 Qc7 7. O-O Nc6 8. Be3
Be7 9. f4 d6 10. Qe1 O-O 11. Qg3 Nxd4 12. Bxd4 b5 13. a3 Bb7 14. Kh1 Bc6 15.
Rad1 Qb7 16. Bf3 a5 17. Rfe1 b4 18. axb4 axb4 19. e5 dxe5 20. fxe5 Ne8 21. Ne4
Rd8 22. c3 Bxe4 23. Bxe4 Qb5 24. Qh3 h6 25. Qe3 Nc7 26. Bb1 Qc6 27. Qd3 g6 28.
Qg3 Kg7 29. h4 bxc3 30. bxc3 h5 31. Be4 Qe8 32. Rf1 Nb5 33. Rf4 Nxd4 34. cxd4 f5
35. exf6+ Bxf6 36. Rb1 e5 37. dxe5 Bxe5 38. Rb7+ Kg8 39. Bd5+ Rxd5 40. Rxf8+
Kxf8 41. Qf3+ Bf4 42. Qxf4+ Kg8 43. Rb8 Rd8 44. Qc4+ Kh8 45. Qc3+ Kh7 46. Qc7+
Rd7 47. Rxe8 Rxc7 1/2-1/2

[Event "29th Open"]
[Site "Cappelle la Grande FRA"]
[Date "2013.02.27"]
[Round "6.11"]
[White "Stella, Andrea"]
[Black "Fedorov, Alexei"]
[Result "0-1"]
[WhiteTitle "IM"]
[BlackTitle "GM"]
[WhiteElo "2477"]
[BlackElo "2576"]
[WhiteFideId "827061"]
[BlackFideId "13500465"]
[EventDate "2013.02.23"]

1. Nf3 c5 2. c4 g6 3. g3 Bg7 4. Bg2 Nc6 5. Nc3 d6 6. O-O e6 7. d3 Nge7 8. Bg5 h6
9. Bd2 b6 10. a3 Bb7 11. Rb1 Qd7 12. b4 Rd8 13. Qa4 Ba8 14. Rfd1 O-O 15. e3 g5
16. h3 f5 17. d4 f4 18. bxc5 fxg3 19. fxg3 dxc5 20. dxc5 Na5 21. cxb6 axb6 22.
Nb5 Bxf3 23. Bxf3 Rxf3 24. Bxa5 Qc8 25. Bxb6 Rxd1+ 26. Rxd1 Qc6 27. Bc7 e5 28.
Qc2 Rxg3+ 29. Kh2 Qf3 30. Rd8+ Bf8 31. Rxf8+ Kxf8 0-1

[Event "29th Open"]
[Site "Cappelle la Grande FRA"]
[Date "2013.02.27"]
[Round "6.12"]
[White "Vazquez Igarza, Renier"]
[Black "Indjic, Aleksandar"]
[Result "1-0"]
[WhiteTitle "GM"]
[BlackTitle "IM"]
[WhiteElo "2565"]
[BlackElo "2502"]
[WhiteFideId "3503054"]
[BlackFideId "911925"]
[EventDate "2013.02.23"]

1. Nf3 d6 2. d4 Bg4 3. c4 Bxf3 4. exf3 g6 5. d5 Bg7 6. Be2 Nf6 7. Nc3 O-O 8. O-O
c6 9. Re1 Nbd7 10. Bf1 Re8 11. Rb1 Rc8 12. Be3 a6 13. Qd2 e6 14. dxe6 Rxe6 15.
Bd4 Rxe1 16. Rxe1 Qf8 17. Rd1 Rd8 18. Be3 Ne8 19. f4 f5 20. g3 Ndf6 21. Bg2 Qf7
22. b3 Rd7 23. Bb6 Bf8 24. h3 Ng7 25. Bf3 Ne6 26. Kg2 h5 27. Qc2 Bg7 28. Be3 Ne8
29. Na4 N8c7 30. Nb6 Rd8 31. Kh2 Bf6 32. Rd2 Ne8 33. a3 Qg7 34. Qd3 Bc3 35. Rd1
N8c7 36. b4 Kh8 37. Kg2 Kg8 38. Kf1 Kh8 39. g4 fxg4 40. hxg4 hxg4 41. Bxg4 Kg8
42. f5 gxf5 43. Bxf5 Be5 44. Qe4 Kf7 45. Ke2 Qf6 46. Rh1 Ng7 47. Rh7 Ne6 48. Bg4
Ng5 49. Bxg5 Qxg5 50. Nd7 Kg8 51. Rh3 Kf7 52. Rh7 Kg8 53. Rh1 Kf7 54. Nxe5+ dxe5
55. Rd1 Ke7 56. Rxd8 Kxd8 57. Qd3+ Kc7 58. Qd7+ Kb8 59. f3 Ka7 60. Qd2 Qf6 61.
Qe3+ Kb8 62. Qd2 Ne8 63. c5 Nc7 64. Qd6 Qxd6 65. cxd6 Nb5 66. d7 Kc7 67. Kd3
Nxa3 68. Ke4 Nc4 69. Be6 b5 70. Kf5 Kd8 71. Kf6 a5 72. bxa5 Nxa5 73. Kxe5 Nb7
74. f4 Ke7 75. f5 c5 76. f6+ Kf8 77. Bd5 Nd8 78. Kd6 c4 79. Kc7 c3 80. Bb3 c2
81. Bxc2 Ne6+ 82. Kd6 Nd8 83. Bb3 b4 84. Kc7 Nb7 85. Bd5 1-0

[Event "29th Open"]
[Site "Cappelle la Grande FRA"]
[Date "2013.02.28"]
[Round "7.1"]
[White "Sjugirov, Sanan"]
[Black "Vazquez Igarza, Renier"]
[Result "1-0"]
[WhiteTitle "GM"]
[BlackTitle "GM"]
[WhiteElo "2646"]
[BlackElo "2565"]
[WhiteFideId "4189302"]
[BlackFideId "3503054"]
[EventDate "2013.02.23"]

1. d4 Nf6 2. c4 e6 3. Nf3 d5 4. g3 Bb4+ 5. Bd2 Be7 6. Bg2 c6 7. O-O Nbd7 8. Qb3
Nb6 9. Ba5 dxc4 10. Qc2 Qd5 11. Bc3 Qf5 12. Qc1 O-O 13. a4 Qh5 14. h3 Ne4 15.
Be1 f5 16. e3 Bd7 17. a5 Nd5 18. Ne5 Be8 19. Nd2 Ng5 20. h4 Nf7 21. Ndxc4 Nxe5
22. Nxe5 Bd6 23. Bf3 Qh6 24. a6 Bxe5 25. axb7 Rb8 26. dxe5 Rxb7 27. Bd2 Qg6 28.
Ra5 Qf7 29. Bc3 Qc7 30. Qd2 Nxc3 31. Qxc3 Rxb2 32. Rxa7 Qxa7 33. Qxb2 c5 34. Ra1
Qc7 35. Ra6 Bd7 36. Rb6 c4 37. Qd4 Rd8 38. Rd6 c3 39. Bd1 Kf8 40. Bc2 Ke7 41. e4
Rb8 42. exf5 exf5 43. Rd5 Be6 44. Rc5 Qd7 45. Qxc3 Rc8 46. Rxc8 Qxc8 47. Qxc8
Bxc8 48. Bb3 h6 49. Kf1 Bd7 50. Ke2 Bc8 51. Ke3 Bd7 52. Kf4 1-0

[Event "29th Open"]
[Site "Cappelle la Grande FRA"]
[Date "2013.02.28"]
[Round "7.4"]
[White "Vorobiov, Evgeny E."]
[Black "Grigoryan, Karen H."]
[Result "1/2-1/2"]
[WhiteTitle "GM"]
[BlackTitle "IM"]
[WhiteElo "2584"]
[BlackElo "2531"]
[WhiteFideId "4121341"]
[BlackFideId "13301004"]
[EventDate "2013.02.23"]

1. e4 Nf6 2. e5 Nd5 3. d4 d6 4. Nf3 Bg4 5. c4 Nb6 6. exd6 cxd6 7. h3 Bxf3 8.
Qxf3 Nc6 9. d5 Ne5 10. Qb3 Rc8 11. Na3 g6 12. Be3 Bg7 13. Be2 Ned7 14. Rb1 O-O
15. O-O a6 16. Qd1 Nc5 17. Bd4 Bxd4 18. Qxd4 e5 19. dxe6 Nxe6 20. Qd2 d5 21.
cxd5 1/2-1/2

[Event "29th Open"]
[Site "Cappelle la Grande FRA"]
[Date "2013.02.28"]
[Round "7.5"]
[White "Fedorov, Alexei"]
[Black "Jarmula, Lukasz"]
[Result "1-0"]
[WhiteTitle "GM"]
[WhiteElo "2576"]
[BlackElo "2164"]
[WhiteFideId "13500465"]
[BlackFideId "1160664"]
[EventDate "2013.02.23"]

1. e4 e5 2. Nf3 Nc6 3. Bc4 Bc5 4. O-O Nf6 5. d3 O-O 6. Nbd2 d6 7. c3 a6 8. Bb3
Ba7 9. h3 Ne7 10. Re1 Ng6 11. Nf1 Nh5 12. Bg5 Qe8 13. Nh4 Nhf4 14. Nxg6 Nxg6 15.
d4 h6 16. Be3 exd4 17. Bxd4 Qe7 18. Bxa7 Rxa7 19. Qd2 Qh4 20. Re3 Be6 21. Nh2
Ne5 22. Rae1 Raa8 23. Rg3 a5 24. Bxe6 fxe6 25. Ng4 Nxg4 26. Rxg4 Qh5 27. Re3 Rf7
28. Qd4 Raf8 29. Reg3 Qe5 30. Qxe5 dxe5 31. Rg6 Rxf2 32. Rxg7+ Kh8 33. Rg8+ Rxg8
34. Rxg8+ Kxg8 35. Kxf2 Kf7 36. Kg3 Kf6 37. Kg4 Kg6 38. a4 c6 39. c4 b6 40. Kh4
c5 41. Kg4 1-0

[Event "29th Open"]
[Site "Cappelle la Grande FRA"]
[Date "2013.02.28"]
[Round "7.6"]
[White "Gharamian, Tigran"]
[Black "Miezis, Normunds"]
[Result "1-0"]
[WhiteTitle "GM"]
[BlackTitle "GM"]
[WhiteElo "2661"]
[BlackElo "2572"]
[WhiteFideId "13301527"]
[BlackFideId "11600136"]
[EventDate "2013.02.23"]

1. Nf3 c5 2. c4 Nf6 3. d4 cxd4 4. Nxd4 Nc6 5. Nc3 e6 6. g3 Bc5 7. Nb3 Bb4 8. Bg2
d5 9. cxd5 Nxd5 10. a3 Bxc3+ 11. bxc3 O-O 12. O-O Nxc3 13. Qc2 Nd5 14. Rd1 Qe7
15. Bb2 Nf6 16. Rac1 e5 17. Qc5 Qxc5 18. Nxc5 Re8 19. Na6 Rf8 20. Nc7 Rb8 21.
Bxc6 bxc6 22. Bxe5 Rb3 23. a4 Ne8 24. Nd5 Rb7 25. Rxc6 Bd7 26. Ra6 f6 27. Bf4
Kf7 28. Nc3 Kg6 29. Be3 Rf7 30. h4 h5 31. Rb1 Rc7 32. Nd5 Rc2 33. Rxa7 Nd6 34.
Nf4+ Kh7 35. Rd1 Bc6 36. Rxf7 Nxf7 37. a5 Ra2 38. Rc1 Ba8 39. Bb6 Ne5 40. Kf1 g5
41. Nh3 gxh4 42. gxh4 Ra4 43. f4 Ng4 44. Ke1 Kg6 45. Kd2 Be4 46. Ng1 Ra2+ 47.
Kc3 Kf5 48. Nf3 Kxf4 49. Nd2 Bd5 50. Rf1+ Kg3 51. Rf5 Bf7 52. Ne4+ Kxh4 53. Nxf6
Bg6 54. Rf1 Rxe2 55. Nd5 Rc2+ 56. Kb3 Rd2 57. Nf4 Be4 58. Kc3 Rd7 59. Ra1 Kg5
60. Ne6+ Kf5 61. Nc5 Rh7 62. Rf1+ Ke5 63. Re1 Nf6 64. Bd8 Kd5 65. Kb4 h4 66.
Bxf6 Bg2 67. Rd1+ Kc6 68. Be5 Bd5 69. Rf1 Bg2 70. Rf6+ Kd5 71. Bf4 Kd4 72. Rd6+
Bd5 73. Ne6+ Ke4 74. Ng5+ Kxf4 75. Nxh7 Be4 76. Rd4 1-0

[Event "29th Open"]
[Site "Cappelle la Grande FRA"]
[Date "2013.02.28"]
[Round "7.7"]
[White "Lagarde, Maxime"]
[Black "Iturrizaga, Eduardo"]
[Result "1/2-1/2"]
[WhiteTitle "IM"]
[BlackTitle "GM"]
[WhiteElo "2529"]
[BlackElo "2646"]
[WhiteFideId "662399"]
[BlackFideId "3901211"]
[EventDate "2013.02.23"]

1. d4 Nf6 2. c4 c5 3. d5 b5 4. Nf3 bxc4 5. Nc3 d6 6. Nd2 g6 7. e4 Bg7 8. Nxc4
O-O 9. Be2 Nbd7 10. O-O Nb6 11. Ne3 a5 12. a4 Ne8 13. f4 Nc7 14. f5 Nd7 15. Ng4
Ne5 16. Bh6 Nxg4 17. Bxg7 Ne3 18. Qd3 Nxf1 19. Bxf8 Qxf8 20. Rxf1 Qg7 21. f6
exf6 22. Qg3 Qf8 23. Rxf6 Ne8 24. Rf2 Qe7 25. Bb5 Ba6 26. Re2 f6 27. Qg4 Nc7 28.
Bxa6 Nxa6 29. h4 Rf8 30. Rf2 Kg7 31. Ne2 Kh8 32. h5 gxh5 33. Qh4 Nb4 34. Rf5 Nc2
35. Ng3 Nd4 36. Rxh5 Rg8 37. Kh2 Rg5 38. Rxg5 fxg5 39. Qh6 Kg8 40. Nh5 Qe5+ 41.
Kh1 Ne2 42. Nf6+ Kf7 43. Nd7 Ng3+ 44. Kh2 Nf1+ 45. Kg1 Qd4+ 46. Kxf1 Qd1+ 47.
Kf2 Qd2+ 48. Kg1 Qc1+ 49. Kh2 Qf4+ 50. g3 Qd2+ 1/2-1/2

[Event "29th Open"]
[Site "Cappelle la Grande FRA"]
[Date "2013.02.28"]
[Round "7.9"]
[White "Azarov, Sergei"]
[Black "Maiorov, Nikita1"]
[Result "1/2-1/2"]
[WhiteTitle "GM"]
[BlackTitle "GM"]
[WhiteElo "2627"]
[BlackElo "2542"]
[WhiteFideId "13501470"]
[BlackFideId "13501720"]
[EventDate "2013.02.23"]

1. e4 e5 2. Nf3 Nc6 3. Bb5 a6 4. Ba4 Nf6 5. O-O Be7 6. Re1 d6 7. c3 Bg4 8. d3
Nd7 9. h3 Bh5 10. Nbd2 O-O 11. Nf1 Nc5 12. Bc2 Ne6 13. Ng3 Bxf3 14. Qxf3 Bg5 15.
a3 a5 16. Bb3 Bxc1 17. Raxc1 g6 18. Qe3 Nf4 19. Ne2 Qg5 20. Nxf4 exf4 21. Qe2
Ne5 22. f3 Nd7 23. d4 Rae8 24. Qd2 Re7 25. c4 Ra8 26. Qc3 a4 27. Bc2 c5 28. Rcd1
Qf6 29. Kh2 cxd4 30. Rxd4 Nc5 31. Red1 Ne6 32. Rxd6 Qxc3 33. bxc3 Rc7 34. Bd3
Nc5 35. Be2 Kf8 36. R1d5 Ke7 37. Rb6 Nd7 38. Rb4 f6 39. g3 fxg3+ 40. Kxg3 Nc5
41. h4 Ra6 42. h5 Rac6 43. Bf1 Nd7 44. h6 Nc5 45. Bh3 f5 46. exf5 gxf5 47. Re5+
Kf6 48. Rd5 Kg6 49. Bxf5+ Kxh6 50. Rb1 Kg7 51. Rh1 h6 52. Re1 Kf7 53. Bg4 Rg6
54. Kh4 Rf6 55. Rd8 Ne6 56. Rd6 Nf4 57. Rxf6+ Kxf6 58. Re4 Ng6+ 59. Kg3 Ne5 1/2-1/2